000 00732nam a2200181 a 4500
008 160301s2013 ||||||||||||||||| || u
020 _a9781907816291
050 _aRC 946 Vas
100 _aVasavada, Sandip
245 1 0 _aExpert opinions in female pelvic medicine and reconstructive surgery
_cBy Sandip Vasavada [and] Howard Goldman
260 _aLondon
_bJP Medical Publishers
_c2013
300 _axii, 205p.: ill.
350 _a162.00
650 _aPELVIC ORGAN PROLAPSE
650 _aPELVIC FLOOR DISORDERS
650 _aFECAL INCONTINENCE
995 _aMEDICAL LIBRARY OPEN ACCESS
_e903431
_FCBU-SCHOOL OF MEDICINE LIBRARY (Ndola)
_I162.00
_jRC 946 Vas
_M1
_UAVAILABLE
_WMar 24, 2016
_y903431
_ZMedical Library Open Access Collection
999 _c31427
_d31427